Povodeň v Jakubanoch

Podrobná bibliografia
Hlavný autor: (HAĽ) (Autor)
Médium: Článok
Jazyk:slovenčina
Predmet:

MARC

LEADER 00000nab a2200000 a 4500
001 vtls001024116
003 SK-MaSNL
005 20260303234101.0
008 040720e19960808xo 0 slo
035 |a SL2684 
040 |a SLLK  |b slo  |c SLLK  |e AACR2 
041 0 |a slo 
044 |a xo  |c SK 
080 |a 551.557.6  |2 1981 
100 0 |a (HAĽ)  |4 aut  |9 853214 
245 1 0 |a Povodeň v Jakubanoch 
518 |a 03.08.1996 
650 0 7 |a prietrže mračien  |2 SLLK  |9 881331 
650 0 7 |a povodne  |2 SLLK  |9 15273 
650 0 7 |a škody  |2 SLLK  |9 276699 
650 0 7 |a informácie  |2 SLLK  |9 1285 
651 7 |a Jakubany (Slovensko)  |2 SLLK  |9 51334 
655 7 |a periodikum  |2 snkbucl  |9 29553 
773 0 8 |t Ľubovnianske noviny  |g Roč. 22, č.32, 8.8.1996, s. 1 
852 |a ZVYKNI  |b KIS3GCP 
999 |c 2519040  |d 2520970